Kiệt quệ tài chính thế hệ y tiến hành đầu tư : Cuốn sách hướng dẫn cho người mới bắt đầu nâng cấp số tiền của bạn
Nội dung sách hướng dẫn đầu tư cho người mới bắt đầu để tăng thêm giá trị cho quỹ hiện tại của bạn và trả lời các câu hỏi về sự sẵn sàng đầu tư của bạn. Thiết lập một ngôn ngữ chung. Và giúp bạn trả lời các câu hỏi như: Làm các...
Sparad:
| Huvudupphovsman: | |
|---|---|
| Materialtyp: | Bok |
| Språk: | Vietnamese |
| Publicerad: |
H.
Lao động
2020
|
| Ämnen: | |
| Taggar: |
Lägg till en tagg
Inga taggar, Lägg till första taggen!
|
| Thư viện lưu trữ: | Thư viện Trường Đại học Nam Cần Thơ |
|---|
| LEADER | 01502nam a22002057a 4500 | ||
|---|---|---|---|
| 001 | NCT_151270 | ||
| 008 | 230606b xxu||||| |||| 00| 0 vie d | ||
| 999 | |c 7822 |d 7822 | ||
| 020 | |a 9786049945526 |c 159000 | ||
| 082 | 0 | 4 | |2 23rd ed. |a 332.6 |b L921 |
| 100 | 1 | |a Lowry, Erin | |
| 245 | 1 | 0 | |a Kiệt quệ tài chính thế hệ y tiến hành đầu tư : |b Cuốn sách hướng dẫn cho người mới bắt đầu nâng cấp số tiền của bạn |c Erin Lowry; Rbooks (biên dịch) |
| 260 | |a H. |b Lao động |c 2020 | ||
| 300 | |a 315 tr. |c 23cm | ||
| 500 | |a Ghi chú tr.309 - tr.313 | ||
| 520 | 3 | |a Nội dung sách hướng dẫn đầu tư cho người mới bắt đầu để tăng thêm giá trị cho quỹ hiện tại của bạn và trả lời các câu hỏi về sự sẵn sàng đầu tư của bạn. Thiết lập một ngôn ngữ chung. Và giúp bạn trả lời các câu hỏi như: Làm cách nào để tôi bắt đầu quá trình đầu tư? Làm cách nào để giao dịch một cổ phiếu? Làm cách nào nhận biết một chiêu trò lừa đảo?,... | |
| 653 | |a Tài chính - Ngân hàng | ||
| 942 | |2 ddc |c BK | ||
| 952 | |0 0 |1 0 |2 ddc |4 0 |6 332_600000000000000_L921 |7 0 |9 27811 |a 000001 |b 000001 |d 2023-06-06 |o 332.6 L921 |p MD.21856 |r 2023-06-06 |v 159000.00 |w 2023-06-06 |y BK | ||
| 980 | |a Thư viện Trường Đại học Nam Cần Thơ | ||


